Historia General de Quillota Tomo 1
Guardat en:
| Autor principal: | |
|---|---|
| Format: | Llibre |
| Idioma: | anglès |
| Publicat: |
Quillota
El Observador
2017
|
| Matèries: | |
| Etiquetes: |
Afegir etiqueta
Sense etiquetes, Sigues el primer a etiquetar aquest registre!
|
MARC
| LEADER | 00000nam a22000007a 4500 | ||
|---|---|---|---|
| 003 | CL-VaPUC | ||
| 005 | 20250116090505.0 | ||
| 008 | 200121b ||||| |||| 00| 0 eng d | ||
| 999 | |c 379561 |d 379559 | ||
| 040 | |c Pontificia Universidad Católica de Valparaíso | ||
| 082 | |a 983.252 SIL 2017 | ||
| 100 | 1 | |a Silva Bijit, Roberto |9 610773 | |
| 245 | |a Historia General de Quillota Tomo 1 | ||
| 260 | |a Quillota |b El Observador |c 2017 | ||
| 300 | |a 390 p. | ||
| 505 | 0 | |a Desde el año 40.000 al 1800. Cronología. Picunches, incas y españoles. La fundación de Quillota. | |
| 583 | |c 20200121 |k Valeria Valenzuela | ||
| 650 | 0 | 0 | |a HISTORIA DE QUILLOTA |9 611725 |
| 650 | 0 | 0 | |a Ciudades |9 265474 |
| 651 | 0 | |a Quillota |9 265145 | |
| 942 | |2 ddc |c BK | ||
| 952 | |0 0 |1 0 |2 ddc |4 0 |6 983_252000000000000_SIL_2017 |7 0 |8 A |9 500139 |a BIBHIS |b BIBHIS |d 2020-01-21 |h t.1 |i 5615690 |o 983.252 SIL 2017 |p 5615690 |r 2025-01-20 |t 1 |w 2020-01-21 |y BK |k HIS | ||